The media, politics and public life (Record no. 58683)

MARC details
000 -LEADER
fixed length control field 00810nam a2200241Ia 4500
008 - FIXED-LENGTH DATA ELEMENTS--GENERAL INFORMATION
fixed length control field 191130s2007##################000#0#eng##
020 ## - INTERNATIONAL STANDARD BOOK NUMBER
ISBN 9781741141245
082 ## - DEWEY DECIMAL CLASSIFICATION NUMBER
Classification number 302.23 CRA
100 ## - MAIN ENTRY--AUTHOR NAME
Personal name Craig, Geoffrey
245 ## - TITLE STATEMENT
Title The media, politics and public life
Statement of responsibility, etc Geoffrey Craig
260 ## - PUBLICATION, DISTRIBUTION, ETC. (IMPRINT)
Place of publication Crows Nest, N.S.W
Name of publisher Allen & Unwin
Year of publication 2007
300 ## - PHYSICAL DESCRIPTION
Number of Pages x, 228 p ; 21 cm
500 ## - GENERAL NOTE
General note Includes bibliographical references (p. 208-218)and index
650 ## - SUBJECT ADDED ENTRY--TOPICAL TERM
Topical Term Australia -- Politics and government -- Press coverage
Topical Term Broadcast journalism -- Political aspects
Topical Term Mass media -- Political aspects
Topical Term Mass media and public opinion
Topical Term Television and politics
991 ## -
-- 219865
Holdings
Withdrawn status Lost status Damaged status Not for loan Home library Current library Shelving location Date acquired Full call number Accession Number Price effective from Koha item type
        Anna Centenary Library Anna Centenary Library 3RD FLOOR, B WING 09.10.2020 302.23 CRA 312127 09.10.2020 Books

Find us on the map